| 000 | 00559nam a22001937a 4500 | ||
|---|---|---|---|
| 999 |
_c6771 _d6771 |
||
| 003 | OSt | ||
| 005 | 20210215121450.0 | ||
| 008 | 210215b ||||| |||| 00| 0 eng d | ||
| 020 | _a0804739218 | ||
| 040 |
_aMUST _cMUST |
||
| 082 | _a331.544 PAR 2001 | ||
| 100 |
_aParrenas, _913880 |
||
| 245 |
_aServants of Globalization. _bWomen, Migration and Domestic work _h25cm. |
||
| 260 |
_aCalifonia _bStanford University Press _c2001 |
||
| 300 |
_axi, 304p; _bill, _c25cm. |
||
| 504 | _aIncludes Bibliography and Index. | ||
| 650 | _2Economics | ||
| 942 |
_2ddc _cO_SHELF |
||